Sử dụng thuốc bảo vệ thực vật an toàn, hiệu quả

Trình bày đặc điểm chung của nhóm thuốc, tên một số hoạt chất và tên thương mại thuốc được dùng trừ sâu cuốn lá trên lúa, bọ xít muỗi trên điều.

محفوظ في:
التفاصيل البيبلوغرافية
المؤلف الرئيسي: Nguyễn, Văn Viên
التنسيق: كتاب
اللغة:Undetermined
منشور في: Hà Nội Nông Nghiệp 2016
الموضوعات:
الوسوم: إضافة وسم
لا توجد وسوم, كن أول من يضع وسما على هذه التسجيلة!
Thư viện lưu trữ: Trung tâm Học liệu Trường Đại học Cần Thơ
LEADER 00938nam a2200205Ia 4500
001 CTU_224641
008 210402s9999 xx 000 0 und d
082 |a 632.95 
082 |b V305/T.2 
100 |a Nguyễn, Văn Viên 
245 0 |a Sử dụng thuốc bảo vệ thực vật an toàn, hiệu quả 
245 0 |c Nguyễn Văn Viên 
260 |a Hà Nội 
260 |b Nông Nghiệp 
260 |c 2016 
520 |a Trình bày đặc điểm chung của nhóm thuốc, tên một số hoạt chất và tên thương mại thuốc được dùng trừ sâu cuốn lá trên lúa, bọ xít muỗi trên điều. 
650 |a Agricultural chemicals,Insecticides,Hoá chất nông nghiệp,Thuốc trừ sâu 
650 |x Application,Ứng dụng 
904 |i Qhieu -Linh, Sương 
980 |a Trung tâm Học liệu Trường Đại học Cần Thơ